Led Zeppelin Songs by Lyrics - Multiple Choice Quiz - Statistics

General Stats
  • This quiz has been taken 34 times
  • The average score is 12 of 15
Answer Stats
Question Answer % Correct
You need coolin' Baby, I'm not foolin' I'm gonna send ya Back to schoolin' Whole Lotta Love
100%
Ah! Ah! We come from the land of the ice and snow From the midnight sun where the hot springs flow Immigrant Song
97%
When she gets there she knows, if the stores are all closed With a word she can get what she came for Stairway To Heaven
97%
Hey-hey, mama, said the way you move Gonna make you sweat, gonna make you groove Black Dog
91%
Oh, all I see turns to brown As the sun burns the ground. Kashmir
91%
It's been a long time, been a long time Been a long lonely, lonely, lonely, lonely, lonely time Rock And Roll
91%
I've tried to do all those things the best I can No matter how I try, I find my way into the same old jam Good Times Bad Times
85%
Sing my song I'm goin' 'round the world, I gotta find my girl Ramble On
85%
Took my chances on a big jet plane Never let 'em tell you that they're all the same Going To California
79%
When I read the letter you wrote me Made me mad, mad, mad When I read the words that it told me Made me sad, sad, sad D'yer Mak'er
73%
Everybody trying to tell me that you didn't mean me no good. I've been trying, Lord, let me tell you, Let me tell you I really did the best I could. Since I've Been Loving You
70%
The cup is raised, the toast is made yet again One voice is clear above the din Proud Aryan one word, my will to sustain For me the cloth once more to spin All My Love
67%
Cryin' won't help you, prayin' won't do you no good When The Levee Breaks
55%
You swore that you never would leave me baby Whatever happened to you? Fool In The Rain
52%
Mm, work so hard I couldn't unwind, get some money saved Abuse my love a thousand times however hard I tried Heartbreaker
48%
No matching quizzes found
Score Distribution
Percent of People with Each Score
Percentile by Number Answered
Your Score History
You have not taken this quiz